Về tài nguyên đất đai và phát triển nông nghiệp, nông thôn

Gồm các bài nói, bài viết tiêu biểu của Hồ Chí Minh về tài nguyên đất đai, và phát triển nông nghiệp, nông thôn nước ta

Đã lưu trong:
書目詳細資料
主要作者: Hồ, Chí Minh
格式: 圖書
語言:Undetermined
出版: Hà Nội Chính trị Quốc gia 2003
主題:
標簽: 添加標簽
沒有標簽, 成為第一個標記此記錄!
Thư viện lưu trữ: Trung tâm Học liệu Trường Đại học Cần Thơ
LEADER 00787nam a2200205Ia 4500
001 CTU_95509
008 210402s9999 xx 000 0 und d
020 |c 12500 
082 |a 324.2075092 
082 |b M312 
100 |a Hồ, Chí Minh 
245 0 |a Về tài nguyên đất đai và phát triển nông nghiệp, nông thôn 
245 0 |c Hồ Chí Minh 
260 |a Hà Nội 
260 |b Chính trị Quốc gia 
260 |c 2003 
520 |a Gồm các bài nói, bài viết tiêu biểu của Hồ Chí Minh về tài nguyên đất đai, và phát triển nông nghiệp, nông thôn nước ta 
650 |a Ho Chi Minh 
904 |i Mai Loan,Hải 
980 |a Trung tâm Học liệu Trường Đại học Cần Thơ